English Towns - Which County? (map) - Statistics

General Stats
  • This quiz has been taken 254 times
  • The average score is 23 of 47
Answers on the Map
Answers color-coded by a green-red scale on the quiz's map according to % correct below.
 
Answer Stats
Answer % Correct
Boston
68%
St. Austell
66%
Kendal
64%
Weymouth
64%
Paignton
63%
Kings Lynn
62%
Avonmouth
61%
Birkenhead
60%
Harrogate
60%
Bridlington
59%
Bishop Auckland
58%
Glastonbury
58%
Gateshead
57%
Oakham
56%
Slough
56%
Twickenham
56%
Bury St. Edmunds
55%
Ryde
55%
Burnley
51%
High Wycombe
51%
Halifax
50%
Hexham
50%
Whitstable
49%
Doncaster
48%
Mansfield
48%
St. Neots
48%
Swindon
48%
Bakewell
46%
Bognor Regis
46%
Harlow
45%
Ross-on-Wye
44%
Tewkesbury
44%
Rochdale
43%
Aldershot
42%
Kettering
41%
Melton Mowbray
41%
Banbury
40%
Stevenage
40%
Dunstable
39%
Ludlow
39%
Camberley
37%
Northwich
37%
Nuneaton
35%
Crowborough
31%
Evesham
31%
Tamworth
31%
Stourbridge
25%
No matching quizzes found
Score Distribution
Percent of People with Each Score
Percentile by Number Answered
Your Score History
You have not taken this quiz